[Event "44th Rubinstein Mem Open A"]
[Site "Polanica Zdroj POL"]
[Date "2008.08.26"]
[Round "8"]
[White "Czarnota,D"]
[Black "Skrzypczak,A"]
[Result "1-0"]
[WhiteElo "2229"]
[BlackElo "1977"]

1.e4 c5 2.Nf3 d6 3.Bb5+ Nc6 4.O-O Bd7 5.Re1 Nf6 6.h3 Ne5 7.a4 a6 8.Bxd7+ Qxd7
9.Nxe5 dxe5 10.a5 Qc6 11.Nc3 e6 12.Qe2 Bd6 13.d3 O-O 14.b3 Nd7 15.Na4 f5
16.Nb2 f4 17.Nc4 Rf6 18.Kh2 Raf8 19.Rg1 Rg6 20.g4 fxg3+ 21.Rxg3 Rxg3 22.fxg3 Qc7
23.Qg4 Rf6 24.Be3 Nb8 25.h4 h6 26.Qh5 Nc6 27.Kg2 Bf8 28.c3 g6 29.Qe2 Kh7
30.g4 Rf7 31.g5 h5 32.Rf1 Kg7 33.Rxf7+ Qxf7 34.Qf2 Qe7 35.Kf1 Qd8 36.Ke2 Qe7
37.Kd2 Kg8 38.Kc2 Kg7 39.Qg3 Qc7 40.Qf2 Qe7 41.Qf1 Qd8 42.Bg1 Be7 43.Bh2 Qc7
44.Qh3 Kf7 45.Qg3 Bd8 46.Qf2+ Kg8 47.Qxc5 Nxa5 48.Qxc7 Bxc7 49.Bxe5 Bd8 50.Nxa5 Bxa5
51.b4 Bb6 52.d4 Kf7 53.Kb3 Ke7 54.c4 Kd7 55.c5 Bd8 56.d5 exd5 57.exd5 Kc8
58.Kc4 Kd7 59.b5 axb5+ 60.Kxb5 Kc8 61.c6 bxc6+ 62.Kxc6 Ba5 63.d6 Kd8 64.Bf6+  1-0

[Event "16th Nikea Open"]
[Site "Athens GRE"]
[Date "2008.08.27"]
[Round "3"]
[White "Papadopoulos,A"]
[Black "Enchev,I"]
[Result "0-1"]
[WhiteElo "2091"]
[BlackElo "2367"]

1.e4 c5 2.Nf3 d6 3.Bb5+ Nd7 4.d4 cxd4 5.Qxd4 a6 6.Bc4 e6 7.Nc3 Ngf6 8.Bg5 Be7
9.O-O-O Qc7 10.Rhe1 O-O 11.Bf1 b5 12.e5 dxe5 13.Qh4 h6 14.Bxh6 gxh6 15.Qxh6 Nh7
16.Bd3 f5 17.Qxe6+ Rf7 18.Bxf5 Ndf8 19.Bxh7+ Nxh7 20.Nd5 Qxc2+ 21.Kxc2 Bxe6
22.Nxe7+ Rxe7 23.Rxe5 Rc7+ 24.Kb1 Bg4 25.Rd3 Rf8 26.Rc3 Rxc3 27.bxc3 Bxf3
28.gxf3 Rxf3 29.Kb2 Kf7 30.Kb3 Rf4 31.Rc5 Nf6 32.c4 Ne4 33.Rc7+ Ke6 34.cxb5 axb5
35.Rc2 Kd5 36.Kb4 Nd6+ 37.Kb3 Nc4 38.a3 Kc5 39.h4 Rxh4 40.a4 Rh3+ 41.Rc3 bxa4+
42.Kc2 Rxc3+  0-1

[Event "2nd Open"]
[Site "Urumia IRI"]
[Date "2008.08.27"]
[Round "2"]
[White "Gassanov,A"]
[Black "Dehghan,M"]
[Result "1/2-1/2"]
[WhiteElo "2307"]
[BlackElo "1990"]

1.e4 c5 2.Nf3 d6 3.Bb5+ Bd7 4.Bxd7+ Qxd7 5.O-O Nf6 6.Re1 Nc6 7.Nc3 e6 8.d4 cxd4
9.Nxd4 Be7 10.Bg5 O-O 11.Re3 Rac8 12.Rh3 Nxd4 13.Qxd4 Rc5 14.Rg3 Kh8 15.Rd1 Qc7
16.Qd3 a6 17.Be3 Rc6 18.Rh3 b5 19.Bd4 h6 20.a3 Ng8 21.f4 Bf6 22.Bxf6 Nxf6
23.Qd4 Rc4 24.Qxd6 Qxd6 25.Rxd6 Nxe4 26.Nxe4 Rxe4 27.Rxa6 Re2 28.Rc3 Rd8
29.h3 Rdd2 30.Rg3 Rxc2 31.Ra8+ Kh7 32.Ra7 Kg8 33.b4 Red2 34.Ra8+ Kh7 35.Ra7 Kg8
36.Ra8+  1/2-1/2

[Event "2nd Open"]
[Site "Urumia IRI"]
[Date "2008.08.27"]
[Round "2"]
[White "Salehian,Si"]
[Black "Ghaem Maghami,E"]
[Result "1-0"]
[WhiteElo "2079"]
[BlackElo "2597"]

1.e4 c5 2.Nf3 d6 3.Bb5+ Nc6 4.O-O Bd7 5.Re1 Nf6 6.c3 a6 7.Bf1 Bg4 8.d4 cxd4
9.cxd4 g6 10.d5 Ne5 11.Nbd2 Bg7 12.Qa4+ Ned7 13.Nb3 Bxf3 14.gxf3 O-O 15.Be3 Nh5
16.Nd4 Be5 17.Ne2 Bxb2 18.Rab1 b5 19.Qd1 Bg7 20.f4 Nc5 21.Bg2 Rc8 22.Nd4 Bh6
23.f5 Bxe3 24.Rxe3 e5 25.fxe6 fxe6 26.e5 dxe5 27.Nxe6 Nxe6 28.dxe6 Qf6 29.Qb3 Qxf2+
30.Kh1 Nf4 31.e7+ Rf7 32.Bc6 Kg7 33.Rxe5 Rxc6 34.Qxf7+ Kxf7 35.e8=Q+ Kg7
36.Qxc6 Kh6 37.Qe4 b4 38.Rg1  1-0

[Event "ch-POR"]
[Site "Almada POR"]
[Date "2008.08.28"]
[Round "2"]
[White "Pereira,Rub"]
[Black "Damaso,R"]
[Result "1/2-1/2"]
[WhiteElo "2418"]
[BlackElo "2441"]

1.e4 c5 2.Nf3 d6 3.Bb5+ Nd7 4.O-O a6 5.Bxd7+ Bxd7 6.d4 cxd4 7.Qxd4 e5 8.Qd3 h6
9.a4 Nf6 10.a5 Be7 11.c4 b6 12.axb6 Qxb6 13.Nc3 O-O 14.Be3 Qb7 15.h3 Rfc8
16.Nd2 Rc6  1/2-1/2

[Event "XLII Open"]
[Site "Mislata ESP"]
[Date "2008.08.28"]
[Round "5"]
[White "Juan Mas,S"]
[Black "Carrascoso Morales,A"]
[Result "0-1"]
[WhiteElo "2098"]
[BlackElo "2234"]

1.e4 c5 2.Nf3 d6 3.Bb5+ Nd7 4.O-O Nf6 5.Re1 e6 6.c3 Be7 7.d4 O-O 8.e5 Nd5
9.Nbd2 a6 10.Bd3 cxd4 11.cxd4 dxe5 12.Nxe5 Nxe5 13.dxe5 Bd7 14.Ne4 Bb5 15.Bxb5 axb5
16.Qg4 Kh8 17.Bg5 Ra4 18.Bxe7 Qxe7 19.Qe2 Nf4 20.Qxb5 Rb4 21.Qc5 Qxc5 22.Nxc5 b6
23.a3 Rxb2 24.Na4 Rb3 25.Reb1 Rxb1+ 26.Rxb1 Nd5 27.Rb3 h6 28.g3 Rc8 29.Kg2 Kh7
30.f4 g5 31.Kf3 gxf4 32.gxf4 Kg6 33.Nb2 Kf5 34.Nd3 Rc4 35.Kg3 Nxf4 36.Nxf4 Rxf4
37.Rxb6 Ra4 38.Rb7 Rxa3+ 39.Kh4 Kg6 40.Kg4 Ra4+ 41.Kf3 Rh4 42.Kg3 Rh5 43.Kf4 Rxh2
44.Rb8 Rf2+ 45.Ke3 Rf5 46.Ke4 h5 47.Rg8+ Kh7 48.Rg1 Kh6 49.Rg8 h4 50.Rh8+ Kg5
51.Rg8+ Kh5 52.Rh8+ Kg4 53.Rg8+ Rg5 54.Rf8 h3 55.Rxf7 h2 56.Rf1 Kh3  0-1

[Event "44th Rubinstein Mem Open A"]
[Site "Polanica Zdroj POL"]
[Date "2008.08.28"]
[Round "10"]
[White "Czarnota,D"]
[Black "Panocki,A"]
[Result "0-1"]
[WhiteElo "2229"]
[BlackElo "2338"]

1.e4 c5 2.Nf3 d6 3.Bb5+ Bd7 4.Bxd7+ Qxd7 5.c4 Nf6 6.Nc3 g6 7.d4 cxd4 8.Nxd4 Bg7
9.f3 O-O 10.Be3 Rc8 11.b3 a6 12.a4 Nc6 13.Nde2 Qd8 14.O-O Qa5 15.Qd2 Qb4
16.Rab1 e6 17.Rfd1 Ne8 18.Kh1 Rd8 19.Qc1 Rac8 20.Na2 Qa5 21.b4 Qc7 22.a5 Qe7
23.Bb6 Rd7 24.Nac3 Ne5 25.c5 dxc5 26.Bxc5 Rxd1+ 27.Qxd1 Qh4 28.Kg1 Rd8 29.Qe1 Qxe1+
30.Rxe1 Rd2 31.Rb1 Nc6 32.Kf1 Rc2 33.Nd1 Bf8 34.Ne3 Ra2 35.Nc1 Bxc5 36.Nxa2 Bxe3
37.Ke2 Bf4 38.g3 Bd6 39.Kd3 Nc7 40.Ke3 Nb5 41.Kd3 Kf8 42.f4 Ke8 43.e5 Be7
44.Rb2 Kd7 45.Kc4 Kc7 46.Rd2 Kc8 47.Rd3 Nc7 48.g4 Nd5 49.Rh3 Nxf4 50.Rxh7 Nxe5+
51.Kd4 Bd6 52.h4 f5 53.g5 Nf3+ 54.Kc4 e5 55.h5 Nd2+ 56.Kc3 Ne4+ 57.Kc4 Nxh5
58.b5 axb5+ 59.Kxb5 Nxg5 60.Rh8+ Kc7 61.Nc3 Nf4 62.Na4 Nd5 63.Rg8 Ne7 64.Rh8 e4
65.Nb6 e3 66.Na8+ Kd7 67.Kb6 e2  0-1

[Event "TCh-MNE Premier"]
[Site "Herceg Novi MNE"]
[Date "2008.08.29"]
[Round "5"]
[White "Cvorovic,M"]
[Black "Savic,Miom"]
[Result "0-1"]
[WhiteElo "2215"]
[BlackElo "2201"]

1.e4 c5 2.Nf3 d6 3.Bb5+ Bd7 4.Bxd7+ Qxd7 5.c4 Nc6 6.O-O g6 7.d4 cxd4 8.Nxd4 Bg7
9.Be3 Nf6 10.f3 O-O 11.Nc3 Rac8 12.b3 Rfe8 13.Qd2 Ne5 14.Rac1 Qd8 15.Rfd1 a6
16.Nde2 Qa5 17.a4 Nfd7 18.Qa2 Nc5 19.Qb1 Qd8 20.h3 Ncd7 21.Nd4 Qa5 22.f4 Nc6
23.Nxc6 bxc6 24.b4 Qc7 25.Qd3 Red8 26.a5 Rb8 27.Rb1 h6 28.Na4 c5 29.bxc5 Rxb1
30.Rxb1 Nxc5 31.Nxc5 dxc5 32.Qa3 Bd4 33.Kh1 h5 34.Rb6  0-1

[Event "XLII Open"]
[Site "Mislata ESP"]
[Date "2008.08.29"]
[Round "7"]
[White "Juan Mas,S"]
[Black "Berbatov,K"]
[Result "0-1"]
[WhiteElo "2098"]
[BlackElo "2250"]

1.e4 c5 2.Nf3 d6 3.Bb5+ Nd7 4.O-O Nf6 5.Re1 e6 6.c3 a6 7.Bf1 b5 8.d4 Bb7
9.e5 Nd5 10.Nbd2 cxd4 11.cxd4 dxe5 12.Nxe5 Be7 13.Ne4 O-O 14.Bd3 Rc8 15.a3 f5
16.Nxd7 Qxd7 17.Ng5 Bxg5 18.Bxg5 h6 19.Bd2 Nf6 20.Bb4 Rfd8 21.Bf1 Kf7 22.Bc5 Qd5
23.Qe2 Ne4 24.Rac1 Rc6 25.Qh5+ Kg8 26.b4 Kh7 27.a4 bxa4 28.Bc4 Qd7 29.d5 exd5  0-1

[Event "WCh-Women"]
[Site "Nalchik RUS"]
[Date "2008.08.29"]
[Round "1.1"]
[White "Muzychuk,A"]
[Black "Velcheva,M"]
[Result "1-0"]
[WhiteElo "2504"]
[BlackElo "2281"]

1.e4 c5 2.Nf3 d6 3.Bb5+ Bd7 4.Bxd7+ Qxd7 5.O-O Nf6 6.Re1 Nc6 7.c3 e6 8.d4 cxd4
9.cxd4 d5 10.e5 Ne4 11.Nbd2 Nxd2 12.Bxd2 Be7 13.Rc1 O-O 14.Rc3 Rac8 15.a3 b5
16.Rd3 b4 17.h4 Rb8 18.Ng5 bxa3 19.bxa3 Rb2 20.Rg3 f5 21.exf6 Rxf6 22.Bc1 Rbxf2
23.Qh5 h6 24.Nxe6 Rxe6 25.Kxf2 Rxe1 26.Kxe1 Bf6 27.Be3 Nxd4 28.Bxd4 Bxd4
29.Rd3 Qe7+ 30.Kd1 Qc5 31.Rb3 Qd6 32.Rd3 Qc5 33.Qg4 Bf6 34.Qe6+ Kh8 35.Qxd5 Qe7
36.h5 Qe8 37.Rb3 Bg5 38.g4 Qa4 39.Kc2 Qe8 40.Qf3 Bf6 41.Rb4 Qc8+ 42.Kb1 Qd8
43.Qb3 Be5 44.Rc4 Bf6 45.Ka2 Qd2+ 46.Rc2 Qd4 47.Rc8+ Bd8 48.Rc4 Qd7 49.Qc2 Qf7
50.Qb3 Qd7 51.Re4 Bf6 52.Re2 Kh7 53.Qc2+ Kg8 54.Qc4+ Kf8 55.Qe6 Qa4 56.Qc8+ Kf7
57.Rc2 Be7 58.Qc4+ Qxc4+ 59.Rxc4 Bd6 60.Rc6 Ke7 61.Kb3 Kd7 62.Ra6 Bc5 63.Kc4 Bb6
64.Kd5 Kc7 65.Ra4 Kd7 66.Re4 Bd8 67.Re6 Kc7 68.Ra6 Kb7 69.Rg6  1-0

[Event "WCh-Women"]
[Site "Nalchik RUS"]
[Date "2008.08.29"]
[Round "1.1"]
[White "Muminova,N"]
[Black "Kosintseva,T"]
[Result "0-1"]
[WhiteElo "2242"]
[BlackElo "2511"]

1.e4 c5 2.Nf3 d6 3.Bb5+ Bd7 4.Bxd7+ Qxd7 5.O-O Nf6 6.Qe2 Nc6 7.c3 e6 8.d4 cxd4
9.cxd4 d5 10.e5 Ne4 11.Be3 Be7 12.Ne1 f5 13.Nd3 O-O 14.f3 Ng5 15.h4 Nf7 16.Qf2 Rac8
17.Nc3 Na5 18.Rad1 b5 19.Nf4 Nh8 20.Qg3 b4 21.Nce2 Rc2 22.Rd2 Rfc8 23.Rxc2 Rxc2
24.Rc1 Rxc1+ 25.Bxc1 Qc6 26.Nh5 Ng6 27.Bg5 Bf8 28.Nef4 Nxf4 29.Bxf4 Kf7 30.Qf2 Qc4
31.b3 Qc3 32.g4 Nc6 33.Be3 Qd3 34.Nf4 Qb1+ 35.Kg2 Be7 36.g5 Bd8 37.Qe2 Bb6
38.Qa6 Qc2+ 39.Kg3 Ne7 40.Qb5 Qc3 41.g6+ hxg6 42.Nh3 Nc6 43.Ng5+ Ke7 44.Qa6 Nd8
45.Qe2 Bxd4 46.Bd2 Qc5 47.f4 Kd7 48.h5 gxh5 49.Qxh5 Bc3 50.Qe2 Bxd2 51.Qxd2 Qg1+
52.Qg2 Qxg2+ 53.Kxg2 Kc6 54.Kf3 d4 55.Ke2 Kd5 56.Kd3 Nb7 57.Kd2 Nc5 58.Ke2 Ne4
59.Nf3 a5 60.Ne1 Nc3+ 61.Kd3 Nxa2 62.Nf3 Nc1+ 63.Kc2 Ne2 64.Nd2 Nxf4 65.Nc4 g5  0-1

[Event "ch-ISL"]
[Site "Reykjavik ISL"]
[Date "2008.08.29"]
[Round "3"]
[White "Lagerman,R"]
[Black "Gunnarsson,J"]
[Result "0-1"]
[WhiteElo "2354"]
[BlackElo "2437"]

1.e4 c5 2.Nf3 d6 3.Bb5+ Bd7 4.Bxd7+ Qxd7 5.O-O Nf6 6.Re1 Nc6 7.c3 e6 8.d4 cxd4
9.cxd4 d5 10.e5 Ng8 11.a3 h5 12.Nc3 Nh6 13.Bg5 Nf5 14.b4 Be7 15.Bxe7 Qxe7
16.Qd3 g6 17.Rac1 O-O 18.Ne2 Rac8 19.Ng3 Nh4 20.Nd2 a5 21.b5 Nb8 22.Nb1 Qg5
23.Qe3 Qxe3 24.fxe3 Nd7 25.Nd2 Nb6 26.Nb3 Nc4 27.Nc5 b6 28.Nd7 Rfd8 29.Nf6+ Kg7
30.Rc3 Nb2 31.Rec1 Rc4 32.Rxc4 Nxc4 33.Rc3 Nf5 34.Nxf5+ gxf5 35.Nxh5+ Kh6
36.Nf4 a4 37.Kf2 Ra8 38.Ke2 Ra5 39.Nd3 Rxb5 40.h3 Rb1 41.g4 Kg5 42.gxf5 Kxf5
43.Nf2 Rb2+ 44.Ke1 b5 45.h4 b4 46.axb4 a3  0-1

[Event "2nd Open"]
[Site "Urumia IRI"]
[Date "2008.08.29"]
[Round "6"]
[White "Salehian,Si"]
[Black "Mahdavirad,M"]
[Result "0-1"]
[WhiteElo "2079"]
[BlackElo "2215"]

1.e4 c5 2.Nf3 d6 3.Bb5+ Bd7 4.Bxd7+ Qxd7 5.O-O Nc6 6.c3 Nf6 7.Qe2 e6 8.d4 cxd4
9.cxd4 d5 10.e5 Ne4 11.Nbd2 Nxd2 12.Bxd2 Be7 13.Rac1 O-O 14.Rc3 f5 15.Rfc1 a6
16.Bf4 Rac8 17.h4 Na7 18.h5 Rxc3 19.Rxc3 Rc8 20.Rxc8+ Qxc8 21.Qd2 Nc6 22.h6 g6
23.Bg5 Qd8 24.Bxe7 Qxe7 25.Qf4 Nd8 26.g4 fxg4 27.Nh2 Nf7 28.Nxg4 Qg5 29.Qg3 Qc1+
30.Kg2 Nxh6 31.Nf6+ Kg7 32.Qh4 Qc2 33.Ne8+ Kf8 34.Nd6 Nf7 35.Nxf7 Kxf7 36.Qxh7+ Ke8
37.Qg8+ Ke7 38.Qg7+ Ke8 39.Qxb7 Qe4+ 40.Kg3 Qd3+ 41.Kh2 Qxd4 42.Qc8+ Ke7
43.Qc7+ Kf8 44.Qd8+ Kg7 45.Qf6+ Kh7 46.Qf7+ Kh6 47.Qf8+ Kh5 48.Qh8+ Kg4 49.Qh3+ Kf4
50.Qh4+ Kxe5 51.Qg5+ Kd6 52.Qd8+ Ke5 53.Qg5+ Ke4 54.Qxg6+ Kf3 55.Qg2+ Ke2
56.Kg3 Qg7+ 57.Kh2 Qxg2+ 58.Kxg2  0-1

[Event "2nd Open"]
[Site "Urumia IRI"]
[Date "2008.08.29"]
[Round "7"]
[White "Toufighi,H"]
[Black "Mahdavirad,M"]
[Result "1/2-1/2"]
[WhiteElo "2425"]
[BlackElo "2215"]

1.e4 c5 2.Nf3 d6 3.Bb5+ Bd7 4.Bxd7+ Qxd7 5.O-O Nc6 6.b3 Nf6 7.Re1 g6 8.Bb2 Bg7
9.d4 cxd4 10.Nxd4 O-O 11.c4 a6 12.Nc3 e6 13.Nxc6 Qxc6 14.Qd3 Rfd8 15.Rad1 Rd7
16.Qf3 Ne8 17.Qe2 b5 18.cxb5 axb5 19.Rc1 Qb7 20.Rb1 b4 21.Na4 Bxb2 22.Rxb2 Rc7
23.Rd2 Nf6 24.Rxd6 Qxe4 25.Qd1 Qc2 26.Qd4 Nd5 27.h4 h5 28.Kh2 Rf8 29.Nb6 Nxb6
30.Rxb6 Qxa2 31.Rxb4 Rc2 32.Kg1 Rfc8 33.Qf4 Qb2 34.Rb7 Qg7 35.Re3 Rc1+ 36.Kh2 R8c5
37.Rxe6 fxe6 38.Rxg7+ Kxg7 39.Qd4+ Kf7 40.Qd7+ Kf6 41.f3 Rc7 42.Qb5 Kf7 43.b4 Rd1
44.Qb6 Rdd7 45.Kg3 Rc2 46.b5 Rdd2 47.Qa7+ Kf6 48.Qg1 Rb2 49.Qc5 e5 50.Qc6+ Ke7
51.f4 exf4+ 52.Kxf4 Rxg2 53.Qc5+ Kf7 54.b6 Rg4+ 55.Ke5 Rgb4 56.Qc7+ Kg8 57.Qd8+ Kh7  1/2-1/2

[Event "UAE President's Cup"]
[Site "Al Ain UAE"]
[Date "2008.08.30"]
[Round "9"]
[White "Al Awadhi,K"]
[Black "Al Zarooni,E"]
[Result "1/2-1/2"]
[WhiteElo "2190"]
[BlackElo "1719"]

1.e4 c5 2.Nf3 d6 3.Bb5+ Bd7 4.Bxd7+ Qxd7 5.c4 Nf6 6.Nc3 g6 7.d4 cxd4 8.Nxd4 Bg7
9.b3 Nc6 10.Bb2 O-O 11.O-O Rac8 12.Qd2 a6 13.Rfe1 e6  1/2-1/2

[Event "28th Open"]
[Site "Bratto ITA"]
[Date "2008.08.30"]
[Round "9"]
[White "Mogranzini,R"]
[Black "Gallucci,A"]
[Result "1-0"]
[WhiteElo "2423"]
[BlackElo "2152"]

1.e4 c5 2.Nf3 d6 3.Bb5+ Bd7 4.Bxd7+ Qxd7 5.O-O Nc6 6.c3 Nf6 7.Re1 e6 8.d3 Be7
9.h3 O-O 10.Bf4 Rfd8 11.Nbd2 d5 12.e5 Ne8 13.Nf1 b5 14.d4 b4 15.Bg5 a5 16.Ne3 a4
17.Bxe7 Qxe7 18.cxb4 cxb4 19.Rc1 Na5 20.Qd3 b3 21.a3 Qd7 22.Ng5 g6 23.Ng4 Kg7
24.Qd2 Qe7 25.Rc3 Nc4 26.Qc1 Rac8 27.Nf3 Kg8 28.Nd2 Nb6 29.Ree3 h5 30.Nh2 Nc7
31.Qf1 Ne8 32.Nhf3 Ng7 33.g4 Qd7 34.Qc1 hxg4 35.hxg4 Ne8 36.Kg2 Nc7 37.Qh1 Nb5
38.Rxc8 Rxc8 39.Qh6 Nc4 40.Ng5 Qb7 41.Kh2 Nxd4 42.Rh3 Nf3+ 43.Kg3  1-0

[Event "XXV Open"]
[Site "Collado Villalba ESP"]
[Date "2008.08.30"]
[Round "9"]
[White "De Luna Butz,A"]
[Black "Callejo Hernanz,J"]
[Result "1-0"]
[WhiteElo "1823"]
[BlackElo "1852"]

1.e4 c5 2.Nf3 d6 3.Bb5+ Bd7 4.Bxd7+ Nxd7 5.c3 Ngf6 6.Qe2 g6 7.O-O Bg7 8.d4 O-O
9.e5 dxe5 10.dxe5 Ne8 11.e6 Ndf6 12.Ng5 Nd6 13.exf7+ Nxf7 14.Ne6 Qb6 15.Nxf8 Bxf8
16.Be3 Qc7 17.Nd2 Bg7 18.Nf3 Rf8 19.Qc4 b6 20.Ng5 Qc6 21.Rad1 Qe8 22.Bf4 Kh8
23.Ne6 Rg8 24.Nc7 Qf8 25.Rfe1 e5 26.Bxe5 Nxe5 27.Rxe5 Ng4 28.Re2 Qf5 29.h3 Nf6
30.Rde1 g5 31.Ne8 Nd5 32.Nxg7 Kxg7 33.Re5  1-0

[Event "XXV Open"]
[Site "Collado Villalba ESP"]
[Date "2008.08.30"]
[Round "9"]
[White "Prieto Martin,A"]
[Black "Candela Perez,J"]
[Result "1-0"]
[WhiteElo "2175"]
[BlackElo "2407"]

1.e4 c5 2.Nf3 d6 3.Bb5+ Nc6 4.O-O Bd7 5.c3 Nf6 6.Re1 a6 7.Bxc6 Bxc6 8.d4 Bxe4
9.Bg5 Bd5 10.Nbd2 cxd4 11.Nxd4 e6 12.c4 Bc6 13.Bxf6 gxf6 14.Qh5 e5 15.Rad1 Qd7
16.Nxc6 bxc6 17.Ne4 Qe6 18.Qf3 O-O-O 19.Nxf6 Kc7 20.Rc1 Rb8 21.a3 Bg7 22.Nd5+ Kd7
23.Nb4 Rhc8 24.Rcd1 Ra8 25.Nd3 Kc7 26.c5 d5 27.Qg3 Qg6 28.Nxe5 Qxg3 29.hxg3 Re8
30.Nd3 a5 31.Kf1 Kd7 32.Rxe8 Rxe8 33.Re1 Re4 34.b3 a4 35.b4 Rc4 36.Ne5+ Bxe5
37.Rxe5 f6 38.Re3 Rc2 39.g4 Ra2 40.Kg1 Ra1+ 41.Kh2 Rb1 42.Rh3 Rb3 43.Rxh7+ Ke6
44.Rc7 Rxa3 45.Rxc6+ Ke5 46.Ra6 d4 47.b5 Rb3 48.c6 Rxb5 49.c7 Rc5 50.Ra5 Rxa5
51.c8=Q Ke4 52.Qc2+  1-0

[Event "ch-POR"]
[Site "Almada POR"]
[Date "2008.08.31"]
[Round "5"]
[White "Cruz,Jor"]
[Black "Pereira,Rub"]
[Result "1/2-1/2"]
[WhiteElo "2074"]
[BlackElo "2418"]

1.e4 c5 2.Nf3 d6 3.Bb5+ Nd7 4.O-O a6 5.Bxd7+ Bxd7 6.d4 cxd4 7.Qxd4 Nf6 8.c4 e5
9.Qd3 b5 10.Re1 h6 11.Nc3 Qb8 12.h3 Be7 13.Be3 O-O 14.b3 Rc8 15.Nd2 Bd8 16.Rec1 Bb6
17.Bxb6 Qxb6 18.Nd5 Nxd5 19.Qxd5 Be6 20.Qd3 b4 21.a4 Rf8 22.Nf1 f5 23.exf5 Rxf5
24.Ne3 Rf4 25.Rd1 Rd8 26.Ra2 Rd4 27.Qe2 d5 28.Rxd4 exd4 29.Nxd5 Bxd5 30.cxd5 Qd6
31.Qe6+ Kh7 32.Qe4+ Qg6 33.Re2 d3 34.Qxg6+ Kxg6 35.Rd2 Rxd5 36.f3 Kg5 37.Kf2 Kh4
38.Rd1 h5 39.g3+ Kg5 40.Ke3 Re5+ 41.Kxd3 Rd5+ 42.Ke2 Rxd1 43.h4+ Kf5 44.Kxd1 Ke5
45.Ke2 Kd4 46.Kd2 a5 47.g4 hxg4 48.fxg4 Ke4 49.g5 Kf5 50.Kd3 Kg4 51.Kc4 Kxh4
52.Kb5 Kxg5 53.Kxa5 Kf4 54.Kxb4 g5 55.a5 g4 56.a6 g3 57.a7 g2 58.a8=Q g1=Q
59.Qf8+ Ke4 60.Qe7+ Kd3 61.Qd6+ Kc2 62.Qc6+ Kb2 63.Qc3+ Ka2 64.Qd2+ Kb1 65.Kc4 Qg8+
66.Kc3 Qc8+ 67.Kd3 Qf5+ 68.Ke2 Qg4+ 69.Ke1  1/2-1/2

[Event "16th Nikea Open"]
[Site "Athens GRE"]
[Date "2008.08.31"]
[Round "8"]
[White "Pappelis,D"]
[Black "Draci,R"]
[Result "0-1"]
[WhiteElo "1889"]
[BlackElo "2180"]

1.e4 c5 2.Nf3 d6 3.Bb5+ Bd7 4.Bxd7+ Qxd7 5.c4 g6 6.Nc3 Bg7 7.d4 cxd4 8.Nxd4 Nf6
9.O-O O-O 10.f3 Rc8 11.b3 d5 12.e5 Ne8 13.Nxd5 Bxe5 14.Re1 Bd6 15.Bb2 e6
16.Ne3 Bb4 17.Re2 Rd8 18.Ndc2 Bc5 19.Qxd7 Rxd7 20.Kf1 Nc6 21.Rd1 Rad8 22.Rxd7 Rxd7
23.Ke1 Nb4 24.Ba3 Nd3+ 25.Kd1 Bxa3 26.Nxa3 Nb4+ 27.Kc1 Nc7 28.Nac2 Nd3+ 29.Kd1 Nb4+
30.Kc1 Nca6 31.Nxb4 Nxb4 32.a3 Nc6 33.Rd2 Rc7 34.Kb2 Kf8 35.b4 Ke7 36.Kb3 f5
37.f4 Rd7 38.Rxd7+ Kxd7 39.c5 e5 40.fxe5 Nxe5 41.b5 Ke6 42.Nc4 Nd3 43.c6 bxc6
44.bxc6 Ke7 45.Kc3 Ne1 46.Kd4 Nxg2 47.Kc5 Nf4 48.Kb5 Kd8 49.Kc5 Kc7 50.Nd6 Ne6+
51.Kd5 Ng7 52.Nb5+ Kb6 53.c7 Kb7 54.Kd6 Ne8+ 55.Kd7 Nxc7 56.Nxc7 f4 57.Nd5 f3
58.Ke7 Kc6 59.Ne3 Kc5 60.Kf6 Kd4 61.Nf1 Kd3 62.Ng3 Ke3 63.Kg7 h5 64.Kxg6 h4
65.Nf5+ Kf4 66.Nxh4 f2 67.Ng2+ Kf3 68.Nh4+ Kf4 69.Ng2+ Ke4  0-1

[Event "16th Nikea Open"]
[Site "Athens GRE"]
[Date "2008.08.31"]
[Round "8"]
[White "Chrisostomou,D"]
[Black "Kaforos,D"]
[Result "1/2-1/2"]
[WhiteElo "1866"]
[BlackElo "2173"]

1.e4 c5 2.Nf3 d6 3.Bb5+ Nc6 4.Bxc6+ bxc6 5.O-O Nf6 6.Re1 e5 7.c3 Bg4 8.d3 Be7
9.Nbd2 O-O 10.Qa4 Qc7 11.h3 Be6 12.Ng5 Bd7 13.Nf1 d5 14.Ng3 h6 15.Nf3 c4
16.dxc4 Nxe4 17.Nxe4 dxe4 18.Rxe4 c5 19.Qd1 Bd6 20.Qe1 Bc6 21.Re3 e4 22.Nd2 f5
23.Nf1 Rae8 24.Re2 f4 25.g3 e3 26.gxf4 exf2+ 27.Qxf2 Rxe2 28.Qxe2 Bxf4 29.Bxf4 Qxf4
30.Qe6+ Kh7 31.Qxc6 Rf6 32.Qd5 Rd6 33.Qb7 Qf5 34.Ng3 Qg5 35.Qe4+ Rg6 36.Qd3 Qxg3+
37.Qxg3 Rxg3+ 38.Kh2 Re3 39.Rg1 g5 40.Rg3 Re4 41.Rg4 Re5 42.h4 gxh4 43.Kh3 h5
44.Rg2 Kh6 45.Rd2 Re3+ 46.Kxh4 Re4+ 47.Kh3 Rxc4 48.Rd6+ Kg5 49.Rd5+ Kf4 50.Rxh5 Ke4
51.Rh7 a5 52.Rd7 Kf3 53.Rd3+ Kf2 54.b3 Rf4 55.Rd5 Rf3+ 56.Kg4 Rxc3 57.Kf4 Ke2
58.Ke5 a4 59.bxa4 Re3+ 60.Kd6 c4 61.Rc5 Kd3 62.a5 Rh3 63.Kc7 Rh6 64.Kb7 Rh7+
65.Kb8 Rh8+ 66.Kb7 Rh7+ 67.Kb8  1/2-1/2

[Event "7th Open"]
[Site "Izmir TUR"]
[Date "2008.08.31"]
[Round "3"]
[White "Emiroglu,C"]
[Black "Odeev,H"]
[Result "0-1"]
[WhiteElo "2028"]
[BlackElo "2422"]

1.e4 c5 2.Nf3 d6 3.Bb5+ Bd7 4.Bxd7+ Nxd7 5.O-O Ngf6 6.Qe2 Rc8 7.c3 c4 8.Na3 Qc7
9.Re1 e6 10.d4 cxd3 11.Qxd3 a6 12.Be3 Be7 13.Rad1 O-O 14.Nc2 Rfd8 15.Nd2 d5
16.exd5 Nxd5 17.Qe2 N7b6 18.Bd4 Nf4 19.Qg4 Ng6 20.g3 Nd7 21.f4 e5 22.fxe5 Ndxe5
23.Qf5 Bc5 24.Nb3 Bxd4+ 25.Nbxd4 Nc4 26.Rb1 h6 27.Ne3 Nxb2 28.Nd5 Qc5 29.Ne7+ Nxe7
30.Qxc5 Rxc5 31.Rxe7 Rxc3 32.Rxb2 Rxd4 33.Rexb7 Rf3 34.Kg2 Rf5 35.Rb8+ Kh7
36.R8b4 Rd1 37.Ra4 Rd6 38.Kh3 h5 39.Kh4 g6 40.h3 Rfd5 41.Rb7 Kh6 42.g4 g5+
43.Kg3 Rd3+ 44.Kg2 Rd2+ 45.Kf3 Rf6+ 46.Ke3 Rh2 47.Ra7 Rxh3+ 48.Ke2 hxg4 49.R7xa6 Rxa6
50.Rxa6+ Kh5 51.Rf6 Ra3 52.Rxf7 Rxa2+ 53.Kf1 Kh4 54.Rb7 Kh3 55.Rb5 Ra1+ 56.Ke2 g3
57.Rxg5 g2  0-1

[Event "Masters"]
[Site "Trieste ITA"]
[Date "2008.08.31"]
[Round "1"]
[White "Suc,T"]
[Black "Raykhman,A"]
[Result "1/2-1/2"]
[WhiteElo "1833"]
[BlackElo "2267"]

1.e4 c5 2.Nf3 d6 3.Bb5+ Nd7 4.d4 cxd4 5.Qxd4 Nf6 6.Nc3 e6 7.O-O a6 8.Bxd7+ Nxd7
9.Bg5 Qa5 10.Rfe1 h6 11.Bh4 Qc5 12.Qd3 b5 13.Nd5 Bb7 14.b4 Qc8 15.Bg3 exd5
16.exd5+ Kd8 17.Re4 Nf6 18.Rd4 Be7 19.c4 bxc4 20.Rxc4 Qd7 21.Rd4 Rc8 22.a4 Qc7
23.Rd1 Qc2 24.Qe3 Qxa4 25.Ne5 dxe5 26.d6 Bf8 27.d7 Nxd7 28.Qxe5 Bc6 29.Re1 Bxb4
30.Qxg7 Re8 31.Red1 Qb5 32.Qxf7 Be7 33.Qf4 Bg5 34.Qf7 Be7 35.Qf4 Qg5 36.Qf7 Rf8
37.Qb3 Qb5 38.Qe6 h5 39.h4 a5 40.Re1 Bb4 41.Rxb4 Qxb4 42.Bd6 Qxe1+ 43.Qxe1 Ra8
44.Bxf8 Nxf8 45.Qc3 Kc7 46.Qe5+ Kb7 47.Qb2+ Kc7 48.Qe5+ Kb6 49.Qd4+ Kc7  1/2-1/2

[Event "Masters"]
[Site "Trieste ITA"]
[Date "2008.08.31"]
[Round "2"]
[White "Raykhman,A"]
[Black "Palac,M"]
[Result "1/2-1/2"]
[WhiteElo "2267"]
[BlackElo "2587"]

1.e4 c5 2.Nf3 d6 3.Bb5+ Nc6 4.O-O Bd7 5.Re1 Nf6 6.h3 a6 7.Bf1 e6 8.c3 Rc8
9.d4 cxd4 10.cxd4 d5 11.e5 Ne4 12.a3 Qb6 13.b4 Be7 14.Bd3 a5 15.b5 Na7  1/2-1/2

[Event "1st Dragon Capital Vietnam Open"]
[Site "Vung Tau VIE"]
[Date "2008.08.31"]
[Round "7"]
[White "Nguyen Van Huy"]
[Black "Ton That Nhu Tung"]
[Result "1-0"]
[WhiteElo "2386"]
[BlackElo "2216"]

1.e4 c5 2.Nf3 d6 3.Bb5+ Bd7 4.Bxd7+ Nxd7 5.O-O g6 6.c3 Ngf6 7.Qe2 Bg7 8.d4 Qb6
9.e5 dxe5 10.dxe5 Nd5 11.Rd1 e6 12.Na3 Qc6 13.c4 Ne7 14.Nb5 O-O 15.Bg5 Nf5
16.g4 Nh6 17.Rd6 Qc8 18.Qd2 Nxg4 19.Rxd7 Qc6 20.Rd3 f6 21.exf6 Bxf6 22.h3 Bxb2
23.Re1 Rxf3 24.hxg4 a6 25.Rd6  1-0

[Event "1st Dragon Capital Vietnam Open"]
[Site "Vung Tau VIE"]
[Date "2008.08.31"]
[Round "7"]
[White "Nguyen Hoang Nam"]
[Black "Nguyen Quynh Anh"]
[Result "1-0"]
[WhiteElo "2310"]
[BlackElo "2098"]

1.e4 c5 2.Nf3 d6 3.Bb5+ Bd7 4.Bxd7+ Qxd7 5.c4 Nc6 6.Nc3 g6 7.d4 cxd4 8.Nxd4 Bg7
9.Nde2 Nf6 10.O-O O-O 11.f3 a6 12.a4 Qc7 13.Be3 Rac8 14.Rc1 Qb8 15.b3 Rfe8
16.Rc2 b6 17.Rd2 Qb7 18.Qb1 Ne5 19.Kh1 Ned7 20.Rfd1 Nc5 21.Qa2 Ncd7 22.Rb1 Ne5
23.Qc2 Ned7 24.Qd1 Ne5 25.Qg1 Ned7 26.Qf2 Nc5 27.h3 Rb8 28.Rdd1 Ncd7 29.g4 Ne5
30.Qg2 Red8 31.g5 Ne8 32.Nd5 b5 33.axb5 axb5 34.cxb5 e6 35.Ndc3 Nd7 36.Ra1 Ra8
37.Bd4 Rxa1 38.Rxa1 Bxd4 39.Nxd4 Ra8 40.Qb2 Nc7 41.Ra4 d5 42.exd5 Nxd5 43.Nc6 N7b6
44.Nxd5 Nxd5 45.Qd4 Re8 46.Qc5 Qd7 47.Rd4 e5 48.Rxd5 Qxh3+ 49.Kg1 Qg3+ 50.Kf1 Qxf3+
51.Ke1 Qg3+ 52.Ke2 Qg2+ 53.Kd1 Qg4+ 54.Kc2 Qxg5 55.b6 Qg2+ 56.Kc3 Qf3+ 57.Rd3 Qf6
58.Qd6 Re6 59.Qd8+ Qxd8 60.Rxd8+ Kg7 61.Rc8  1-0

[Event "Okie Masters"]
[Site "Tulsa USA"]
[Date "2008.09.01"]
[Round "6"]
[White "Movsisyan,M"]
[Black "Smith,Bry"]
[Result "0-1"]
[WhiteElo "2247"]
[BlackElo "2394"]

1.e4 c5 2.Nf3 d6 3.Bb5+ Nd7 4.O-O Nf6 5.Re1 a6 6.Bf1 b6 7.d4 cxd4 8.Qxd4 Bb7
9.Nc3 e6 10.Bg5 Be7 11.Rad1 Qc7 12.Bh4 O-O 13.Bg3 e5 14.Qc4 Nc5 15.Bh4 b5
16.Qb4 a5 17.Qxb5 Ba6 18.Bxf6 Bxb5 19.Nd5 Qb8 20.Bxe7 Bxf1 21.Kxf1 Qxb2 22.Bxd6 Rfd8
23.Bxe5 Qxa2 24.Kg1 Nxe4 25.Ne7+ Kf8 26.Ra1 Qxc2 27.Nf5 f6 28.Bd4 Nd2 29.N3h4 Nb3
30.Rad1 g6 31.Ne3 Qe4 32.Bxf6 Rxd1 33.Rxd1 a4 34.Nf3 a3 35.Ng5 Qb7 36.Ng4 a2
37.Ne6+ Ke8 38.Be5 a1=Q 39.Nf6+ Ke7  0-1

[Event "7th Open"]
[Site "Izmir TUR"]
[Date "2008.09.02"]
[Round "5"]
[White "Soozankar,A"]
[Black "Sanikidze,T"]
[Result "0-1"]
[WhiteElo "2225"]
[BlackElo "2486"]

1.e4 c5 2.Nf3 d6 3.Bb5+ Nd7 4.O-O a6 5.Bc4 e6 6.a4 Ngf6 7.Re1 Be7 8.c3 Nxe4
9.Rxe4 d5 10.Rg4 dxc4 11.Rxg7 Bf6 12.Rg4 Ne5 13.Nxe5 Bxe5 14.Rxc4 Qd5 15.d3 Bd7
16.Bf4 Bc6 17.f3 Rg8 18.Bxe5 Qxe5 19.Na3 b5 20.Rg4 Rxg4 21.fxg4 Qe3+ 22.Kf1 Qf4+
23.Kg1 Qe3+ 24.Kf1 O-O-O 25.Qe2 Qxd3 26.Qxd3 Rxd3 27.Ke2 Rd7 28.axb5 axb5
29.Rd1 Bd5 30.Ke3 Rb7 31.b4 cxb4 32.cxb4 Bxg2 33.Rc1+ Kd7 34.Rc5 Bd5 35.Rxb5 Rc7
36.Rc5 Rxc5 37.bxc5 Kc6 38.Kd4 f6 39.Nc4 e5+ 40.Nxe5+ fxe5+ 41.Kxe5 Kxc5
42.Kf6 Kd4 43.h4 Ke3 44.Kg7 Be4 45.Kh6 Kf4 46.g5 Bg6 47.h5 Ke5  0-1